Missing Word: Movie Villains Quiz Stats

Quiz Updated Jun 3, 2015

Challenge
Share
Tweet
Embed
Score 0/20 Timer 04:00
0 Plays Today
Name Missing Word % Correct
_____ VaderDarth
98.4%
Wicked _____ of the WestWitch
98.1%
Dr. _____ LecterHannibal
96.3%
Long _____ SilverJohn
95.9%
_____ De VilCruella
93.8%
_____ KruegerFreddy
93.4%
Norman _____Bates
92%
Shere _____Khan
80%
_____ VoorheesJason
76.9%
Lex _____Luthor
72.7%
Name Missing Word % Correct
_____ TorranceJack
72.1%
_____ GekkoGordon
66.8%
_____ 9000HAL
65.4%
Michael _____Myers
59.9%
Hans _____Gruber
54.7%
_____ WilkesAnnie
40%
President Coriolanus _____Snow
39%
_____ DeLargeAlex
35.1%
_____ CadyMax
20.1%
Miss Agatha _____Trunchbull
20%

Today's Daily Dose

You're not logged in!

Compare scores with friends on all Sporcle quizzes.
Sign Up with Email
OR
Log In

You Might Also Like...

Show Comments

Extras

Top Quizzes Today


Score Distribution

Your Account Isn't Verified!

In order to create a playlist on Sporcle, you need to verify the email address you used during registration. Go to your Sporcle Settings to finish the process.